000
00269nam a2200085Ia 4500
008
170620s9999 xx 000 0 und d
100
_a
Devi- T. Kalyani
245
0
_a
Home and School Environment- Their influence on perceptual styles
260
_b
New Delhi- Discovery Publishing House
260
_c
2004
999
_c
24386
_d
24386